000 00311nam a22001337a 4500
008 181217b xxu||||| |||| 00| 0 eng d
020 _a9780199368778
041 _aeng
080 _a610
100 _a4
101 _aSHM
245 _aManaging Disruptive Change in Healthcare
_cKaluzny,A.D
942 _2udc
_cBK
999 _c53181
_d53181